Oceňovanie a účtovanie nedokončenej výroby a polotovarov vlastnej výroby spôsobom A v sústave podvojného účtovníctva v roku 2016

Oceňovanie zásob vlastnej výroby v roku 2016. Kedy ide o nedokončenú výrobu a kedy o polotovary vlastnej výroby. Účtovanie zásob vlastnej výroby spôsobom A. Praktický príklad.

Na minha lista:
Detalhes bibliográficos
Autor principal: Pakšiová, Renáta, 1974-
Formato: Capítulo de Livro
Idioma:eslovaco
Assuntos:
Tags: Adicionar Tag
Sem tags, seja o primeiro a adicionar uma tag!

MARC

LEADER 00000naa a2200000 4500
001 0221773
005 20240502073634.6
041 0 |a slo 
044 |a SK 
245 1 0 |a Oceňovanie a účtovanie nedokončenej výroby a polotovarov vlastnej výroby spôsobom A v sústave podvojného účtovníctva v roku 2016  |c Renáta Pakšiová 
520 |a Oceňovanie zásob vlastnej výroby v roku 2016. Kedy ide o nedokončenú výrobu a kedy o polotovary vlastnej výroby. Účtovanie zásob vlastnej výroby spôsobom A. Praktický príklad. 
610 2 0 |a účtovníctvo podvojné 
610 2 0 |a účtovanie 
610 2 0 |a účty 
610 2 0 |a polotovary 
610 2 0 |a výroba 
610 2 0 |a zásoby 
610 2 0 |a oceňovanie 
100 1 |a Pakšiová, Renáta, 1974-